10 cars by pictures - French cars - Statistiques

Statistiques générales
  • Ce quiz a été pris 169 fois
  • Le résultat moyen est 6 sur 10
Statistiques - réponses
Par images Réponse % Correct
Renault 4
87%
Bugatti Veyron
81%
Renault 5 Turbo
81%
Citroën 2CV
71%
Citroën DS
68%
Alpine A110
65%
Peugeot 406
52%
Citroën Traction
41%
Peugeot 504
22%
Bugatti Type 35
18%
Aucun quiz correspondant
Distribution des résultats
% des personnes avec chaque résultat
Percentile par nombre de réponses
Votre historique - résultats
Vous n’avez pas pris ce quiz